| 000 | 00995nam a2200265Ia 4500 | ||
|---|---|---|---|
| 003 | OSt | ||
| 005 | 20221005112133.0 | ||
| 006 | a|||||r|||| 00| 0 | ||
| 007 | ta | ||
| 008 | 221004b |||||||| |||| 00| 0 pan d | ||
| 020 | _cINR 200.00 | ||
| 024 | _a65702 | ||
| 037 |
_bSP/5334, 28/01/2020, Star Publications Pvt. Ltd. _cTextual |
||
| 040 |
_aCRL _cCRL _bpan |
||
| 041 |
_2pan _apan |
||
| 082 | _aO153,6N41x, Q9 | ||
| 100 |
_aਨਰੂਲਾ, ਗੁਰFਰਨ ਸਿੰਘ, ਂਚ. _9160598 |
||
| 245 | 0 | _aਸੋਚ ਦਾ ਸਾਫ਼ਰ | |
| 260 |
_aਅੰਮ੍ਰਿਤਸਰ _bਏFੀਐਡਗ਼ ਪਬਲੀਕੇFਨਗ਼ ਭਾਰਤ _c2019 |
||
| 300 |
_a120ਪ੍ਰ0 _ccm. |
||
| 650 | _a ਪੰਜਾਬੀ ਨਿਬੰਧ | ||
| 650 | _aਪੰਜਾਬੀ ਸਾਹਿਤ | ||
| 942 |
_hO153,6N41x, Q9 _cTEXL _2cc |
||
| 999 |
_c1023925 _d1023925 |
||